Alkohol - drogy - závislosti : psychické poruchy spojené s užívaním návykových látok /

Hlavní autor: Kolibáš, Eduard, 1938-
Korporativní autor: Univerzita Komenského v Bratislave
Další autoři: Novotný, Vladimír, 1946-2012
Jazyk: Slovenština
Vydáno: Bratislava : Vydavateľstvo UK, 2007
Vydání: 1. vyd.
Témata:
Fyzický popis: 257 s. ; 24 cm
Knihy
Uloženo v:
LEADER 01748nam a2200445 a 4500
001 000891903
003 CZ BrMZK
005 20091109092823.0
007 ta
008 080404s2007 xo e p 000 0 slo
020 |a 978-80-223-2315-4  |q (brož.) 
040 |a BOA001  |b cze 
072 7 |a 613  |x Hygiena. Lidské zdraví  |2 Konspekt  |9 14 
072 7 |a 37.016  |x Učební osnovy. Vyučovací předměty. Učebnice  |2 Konspekt  |9 22 
080 |a 613.83  |2 MRF 
080 |a 364.692:615.015.6  |2 MRF 
080 |a 364.692:[663.51:615.015.6]  |2 MRF 
080 |a 615.851:613.81/.84  |2 MRF 
080 |a (075.8)  |2 MRF 
100 1 |a Kolibáš, Eduard,  |d 1938-  |7 mzk2002142120  |4 aut 
245 1 0 |a Alkohol - drogy - závislosti :  |b psychické poruchy spojené s užívaním návykových látok /  |c Eduard Kolibáš, Vladimír Novotný 
250 |a 1. vyd. 
260 |a Bratislava :  |b Vydavateľstvo UK,  |c 2007 
300 |a 257 s. ;  |c 24 cm 
500 |a Pod názvem: Univerzita Komenského Bratislava 
500 |a Terminologický slovník 
500 |a 1000 výt. 
504 |a Obsahuje bibliografie 
541 |a Bratislava, Centrum vedecko-technických informácií SR 
650 0 7 |a užívání drog  |7 ph114929  |2 czenas 
650 0 7 |a drogová závislost  |7 ph117184  |2 czenas 
650 0 7 |a alkoholismus  |7 ph118354  |2 czenas 
650 0 7 |a protidrogová terapie  |7 ph137244  |2 czenas 
655 7 |a učebnice vysokých škol  |7 fd133772  |2 czenas 
700 1 |a Novotný, Vladimír,  |d 1946-2012  |7 js20070413001  |4 aut 
710 2 |a Univerzita Komenského v Bratislave  |7 kn20010710050 
910 2 |a BOA001  |b 2-1202.046 
990 |a BK 
991 |b 200804  |c NOV 
996 7 |b 2610339446  |c 2-1202.046  |l Vol.výběr  |r VV 0p  |n 92  |p vým.  |h 613.81/.84 KOL  |w 000891903  |u 000010  |a 0  |e BOA001  |j MZK50  |s A